000
00245nam a2200097Ia 4500
001
691525
005
20250826161837.0
008
250824s9999 xx 000 0 und d
245
0
_a
KAZ AYAĞI
_c
NİHAN FEYZA LEZGİOĞLU
260
_b
DERGAH YAYINLARI
999
_c
691525
_d
691525